000 00593nam a2200193Ia 4500
003 GCL
008 140319s9999 xx 000 0 ara d
040 _aGCL /
_cGCL
082 0 4 _a418.0249
_bا ت
100 1 _aابراهيم زكى خورشيد
245 1 0 _aالترجمة ومشكلاتها /
_cابراهيم زكى خورشيد
260 _a[S.N] :
_bالهيئة المصرية العامة للتأليف والنشر ،
_c1985
300 _a161 ص
490 _a
650 0 4 _aالعلم
650 0 4 _aاللغة العربية
650 0 4 _aالترجمة
942 _2ddc
_cBK
999 _c28121
_d28121